| 000 | 00523nam a2200145Ia 4500 | ||
|---|---|---|---|
| 008 | 100204s9999 xx 000 0 und d | ||
| 082 | _b27089 | ||
| 100 | _aभंडारे संदेश | ||
| 245 | _aतमाशा एक रांगडी गंमत | ||
| 260 |
_b"ललित प्रकाशन , मुलुंड" _c2006 |
||
| 300 | _a207 | ||
| 630 | _aतमाशा एक रांगडी गंमत | ||
| 730 | _aतमाशा एक रांगडी गंमत | ||
| 942 | _cBOOK | ||
| 999 |
_c472268 _d472265 |
||